ՀՀ Գիտությունների ազգային ակադեմիայի հիմնարար գիտական գրադարան  =   Fundamental Scientific Library of NAS RA

Флора Еревана : (Record no. 70204)

MARC details
000 -LEADER
fixed length control field 01547nam a22003137a 4500
001 - CONTROL NUMBER
control field 000202848
003 - CONTROL NUMBER IDENTIFIER
control field AM-YEHGA
005 - DATE AND TIME OF LATEST TRANSACTION
control field 20250617124005.0
008 - FIXED-LENGTH DATA ELEMENTS--GENERAL INFORMATION
fixed length control field 990929s1972 ru ||||| |||| 00| 0 rus d
040 ## - CATALOGING SOURCE
Original cataloging agency AM-YeHGA
041 0# - LANGUAGE CODE
Language code of text/sound track or separate title rus
090 ## - LOCALLY ASSIGNED LC-TYPE CALL NUMBER (OCLC); LOCAL CALL NUMBER (RLIN)
-- 71397
100 1# - MAIN ENTRY--PERSONAL NAME
Personal name Թախտաջյան, Արմեն Լևոնի,
Dates associated with a name 1910-
245 10 - TITLE STATEMENT
Title Флора Еревана :
Remainder of title Определитель дикорастущих растений Араратской котловины /
Statement of responsibility, etc. А.Л. Тахтаджян и Ан.А. Федоров ; Под ред. А.Л. Тахтаджяна.
246 35 - VARYING FORM OF TITLE
Title proper/short title Երևանի ֆլորան :
Remainder of title Արարատյան գոգավորության վայրի բույսերի որոշիչ
250 ## - EDITION STATEMENT
Edition statement 2-е, перераб. и доп.
260 ## - PUBLICATION, DISTRIBUTION, ETC.
Place of publication, distribution, etc. Ленинград :
Name of publisher, distributor, etc. Наука. Ленингр. отд-ние,
Date of publication, distribution, etc. 1972.
300 ## - PHYSICAL DESCRIPTION
Extent 394 с. :
Other physical details ил. ;
Dimensions 27 см.
504 ## - BIBLIOGRAPHY, ETC. NOTE
Bibliography, etc. note Алф. указ. лат. назв. растений: с. 372-393.
650 14 - SUBJECT ADDED ENTRY--TOPICAL TERM
Topical term or geographic name entry element Флора
Geographic subdivision Ереван
650 14 - SUBJECT ADDED ENTRY--TOPICAL TERM
Topical term or geographic name entry element Ботаника
650 14 - SUBJECT ADDED ENTRY--TOPICAL TERM
Topical term or geographic name entry element Растения дикорастущие
Geographic subdivision Араратская котловина
651 #4 - SUBJECT ADDED ENTRY--GEOGRAPHIC NAME
Geographic name Араратская котловина
700 1# - ADDED ENTRY--PERSONAL NAME
Personal name Федоров, Андрей Александрович
700 1# - ADDED ENTRY--PERSONAL NAME
Personal name Թախտաջյան, Արմեն Լևոնի,
Dates associated with a name 1910-
Relator term ред.
Relationship edt
710 2# - ADDED ENTRY--CORPORATE NAME
Corporate name or jurisdiction name as entry element Ботанический институт им. В.Л. Комарова АН СССР
710 2# - ADDED ENTRY--CORPORATE NAME
Corporate name or jurisdiction name as entry element Ботанический институт АН АрмССР
942 ## - ADDED ENTRY ELEMENTS (KOHA)
Source of classification or shelving scheme Universal Decimal Classification
Koha item type Գրքեր / Books
Holdings
Withdrawn status Lost status Damaged status Not for loan Collection Home library Current library Date acquired Total checkouts Full call number Barcode Date last seen Price effective from Koha item type Public note
        General Fundamental Scientific Library Fundamental Scientific Library 22/12/2016   PIII/35072 FL0372032 22/12/2016 22/12/2016 Գրքեր / Books 30 Days Loan
        General Fundamental Scientific Library Fundamental Scientific Library 17/01/2022   РД III/15838 FL0670092 17/01/2022 17/01/2022 Գրքեր / Books 30 Days Loan


ՀՀ ԳԱԱ հիմնարար գիտական գրադարան
ՀՀ,Երևան 0019
Մարշալ Բաղրամյան 24/6
հեռախոս:(374-10) 52-47-50
Հետադարձ կապ

All site content, except where otherwise noted, is licensed under a
Creative Commons License